Statistics for Mortal Kombat 11 Characters

Click here to take the quiz!

General Stats

  • This quiz has been taken 244 times
    (92 since last reset)
  • The average score is 24 of 35

Answer Stats

Character % Correct
Sub-Zero
91%
Sonya Blade
91%
Scorpion
91%
Liu Kang
89%
Jax Briggs
89%
Kitana
89%
Cassie Cage
87%
Johnny Cage
85%
Shao Khan
84%
Raiden
82%
Kano
82%
Kung Lao
80%
Kotal Khan
75%
Jade
75%
Joker
75%
Shang Tsung
73%
Baraka
73%
Terminator
73%
Jacqui Briggs
69%
Sheeva
67%
Sindel
65%
Skarlet
64%
Kabal
60%
Spawn
60%
Erron Black
60%
D'Vorah
58%
RoboCop
58%
Nightwolf
56%
Kollector
55%
Frost
55%
Noob Saibot
53%
Kronika
49%
Fujin
45%
Geras
45%
Cetrion
45%

Score Distribution

Percentile by Number Answered

Percent of People with Each Score

Your Score History

You have not taken this quiz since the last reset